000
00465nam a2200145Ia 4500
008
100204s9999 xx 000 0 und d
082
_b
15478
100
_a
पुरंदरे बाबासाहेब
245
_a
शेलार खिंड
260
_b
"पुरंदरं पंकाशन , पुणे"
_c
1986 5
300
_a
310
630
_a
शेलार खिंड
730
_a
शेलार खिंड
942
_c
BOOK
999
_c
459909
_d
459906